| 000 | 00566cam a2200229ua 4500 | ||
|---|---|---|---|
| 020 |
_a81-85167-31-1 _c495.00 |
||
| 041 |
_aeng _h |
||
| 082 |
_a627.02 _bJAS/WA |
||
| 100 | _aJaspal, Singh . | ||
| 245 |
_aWater management / _cJaspal Singh. _hTextual Documents |
||
| 250 |
_a1 / _b. |
||
| 260 |
_a : _bHimanshu publications , _c1990. |
||
| 300 | _a288 ; . | ||
| 365 | _a495.00 | ||
| 500 | _a** Reference | ||
| 504 | _a | ||
| 700 | 1 | _aAcharya, M.S . | |
| 700 | 1 | _aArun, Sharma . | |
| 942 | _cBK | ||
| 999 |
_c329815 _d329815 |
||